[Event "Torino Alfieri op-A"]
[Site "Torino"]
[Date "2010.06.02"]
[Round "5"]
[White "Longo, Enrico"]
[Black "Blanc, Pierre"]
[Result "1/2-1/2"]
[WhiteElo "1946"]
[BlackElo "1944"]
[PlyCount "152"]
[EventDate "2010.05.04"]
[EventType "tourn"]
[EventRounds "7"]
[EventCountry "ITA"]
[SourceTitle "EXT 2024"]
[Source "ChessBase"]
[SourceDate "2023.10.10"]
[SourceVersion "1"]
[SourceVersionDate "2023.10.10"]
[SourceQuality "1"]

1. e4 e5 2. Nf3 Nc6 3. Bb5 a6 4. Bxc6 dxc6 5. 0-0 f6 6. d4 exd4 7. Qxd4 Qxd4 8. Nxd4 c5 9. Ne2 Bd6 10. Nbc3 Ne7 11. Bf4 Bxf4 12. Nxf4 Bd7 13. Rad1 0-0-0 14. f3 Nc6 15. Rf2 Ne5 16. b3 h5 17. Rfd2 c6 18. Na4 g5 19. Nb6+ Kc7 20. Nxd7 Rxd7 21. Ne6+ Kc8 22. Nxc5 Rf7 23. a4 h4 24. h3 a5 25. Rd6 Re8 26. Ne6 Nd7 27. Nd4 Re5 28. Nf5 Rc5 29. R1d2 Kc7 30. Kf2 b6 31. Ke2 Re5 32. Nh6 Rfe7 33. Ng4 R5e6 34. Rxe6 Rxe6 35. Ne3 Ne5 36. Nf5 Ng6 37. Ke3 Nf4 38. c3 Re5 39. c4 Ng6 40. Rd6 Nf4 41. Rd2 Rc5 42. Ng7 Re5 43. Kf2 Re7 44. Nf5 Re5 45. Nd4 Nh5 46. Ne2 Nf4 47. Nc1 Re7 48. Ne2 Re5 49. Nd4 Nh5 50. Nf5 Nf4 51. Nd6 Re6 52. c5 bxc5 53. Nc4 Re8 54. Nxa5 Rb8 55. Ke3 Ng6 56. Rc2 Ra8 57. Nc4 Rb8 58. Nd2 Kd6 59. a5 Ne5 60. a6 Ra8 61. Ra2 Kc7 62. f4 gxf4+ 63. Kxf4 Nd3+ 64. Kf5 Nb4 65. Ra5 Nxa6 66. Kxf6 Rg8 67. Rxa6 Rxg2 68. Ra7+ Kd8 69. Rh7 Rxd2 70. Rxh4 Rd3 71. Rh5 Rxb3 72. Rxc5 Rxh3 73. e5 Rh6+ 74. Kf7 Rh7+ 75. Kg6 Re7 76. Kf6 Kd7 1/2-1/2